00890nac a22002291u 4500010001700000020001500017082001900032090001500051100003400066245008200100260006300182300003300245504006400278650001300342650003200355650001000387710003300397856007600430942002100506999001500527952011800542 a 2006295083 a1589064402 a332.152bS3361 c4612d4612 aSchinasi, Garry J. 10aSafeguarding financial stability :btheory and practice /cGarry J. Schinasi. aWashington, DC :bInternational Monetary Fund,2006cc2006. axv, 311 p. :bill. ;c23 cm. aIncludes bibliographical references (p. 285-301) and index. 0aFinance. 0aBanks and banking, Central. 0aRisk.2 aInternational Monetary Fund.413Table of contentsuhttp://www.loc.gov/catdir/toc/fy0606/2006295083.html cBBk332.152S3361 c4612d4612 00104070aMAINbMAINc1STd2012-09-07ePurchasel2o332.152 SCHp000005455r2025-07-15 00:00:00s2015-11-21yBB